000 00961nam a2200241 a 4500
001 83780
003 BD-RjUL
005 20240520111401.0
008 240520s2007 bg a|||| m||| 00| 0 eng d
035 _a(BD-RjUL)83780
040 _aBD-RjUL
_beng
_cBD-RjUL
_dBD-RjUL
041 _aeng
082 _223
_a595.752
_bBIC 2007
100 _aBiswas, Provash Chandra
_913082
245 1 0 _aCrop Infesting Aphids (Homoptera : Aphididae) of Bangladesh with Special Reference to the Field Biology of some Important Species /
_cBy Provash Chandra Biswas ;
_6Supervisor : B. C. Das
260 _aRajshahi :
_bInstitute of Biological Sciences, University of Rajshahi,
_c2007
300 _aii, 209 Leaves :
_bill, ;
_c29 cm.
502 _aThesis (Ph. D.) -- Institute of Biological Sciences, University of Rajshahi, 2007
504 _aReferences : Leaves [178]-209
650 _aArthropoda
_vHomoptera
_913080
700 _aDas, B. C. Supervisor
_913083
942 _2ddc
_cTHE
999 _c83780
_d83780